Bonded labour and debt in the Indian Ocean world (Record no. 444427)

000 -LEADER
fixed length control field 00460cam a22001337a 4500
008 - FIXED-LENGTH DATA ELEMENTS--GENERAL INFORMATION
fixed length control field 180718b2013 xxu||||| |||| 00| 0 eng d
020 ## - INTERNATIONAL STANDARD BOOK NUMBER
International Standard Book Number 9781848933781
082 ## - DEWEY DECIMAL CLASSIFICATION NUMBER
Classification number R153x54 C152
245 ## - TITLE STATEMENT
Title Bonded labour and debt in the Indian Ocean world
Statement of responsibility, etc. edited by Gwyn Campbell and Alessando Stanziani
260 ## - PUBLICATION, DISTRIBUTION, ETC.
Place of publication, distribution, etc. London
Name of publisher, distributor, etc. Pickering and chatto publishers
Date of publication, distribution, etc. 2013
300 ## - PHYSICAL DESCRIPTION
Extent 240p.
650 ## - SUBJECT ADDED ENTRY--TOPICAL TERM
Topical term or geographic name entry element Peonage -- Indian Ocean Region -- Case studies
700 ## - ADDED ENTRY--PERSONAL NAME
Personal name Campbell, Gwyn
Holdings
Withdrawn status Lost status Damaged status Not for loan Permanent Location Current Location Date acquired Full call number Barcode Date last seen Price effective from Koha item type
        Indian Institute of Public Administration Indian Institute of Public Administration 2015-06-03 R153x54 C152 86121 2018-07-21 2018-07-21 Book

Powered by Koha